000 00687nam a2200229Ia 4500
001 15590
003 GE_BSU
008 181216s||||||||xx |||||||||||||| ||und||
040 _cGE_BSU
080 _a821.353.1-32
100 _aჩხეიძე, ბორის
245 _aთავთავები
245 _bმოთხრობები
245 _cრედ.მ.ჯაფარიძე. მხატვ. ა.სამაშვილი
260 _aთბილისი
260 _bმერანი
260 _c1973
300 _a218გვ. ; 20სმ
653 _aთავთავები
653 _aმოთხრობები
942 _cBK
999 _c48690
_d48690